000
00335nam a2200157Ia 4500
100
_a
Sampson
650
_a
English
942
_c
BK
654
_a
Communication skills
245
_a
Communication Skills I
260
_b
Nirali prakashan
_a
Mumbai
_c
1996
082
_a
371.2
_b
SAM
300
_a
194
546
_a
ENGLISH
999
_c
27652
_d
27652